Memoria (Record no. 46745)
[ view plain ]
| 000 -LEADER | |
|---|---|
| campo de control de longitud fija | 00506nam a2200157 i 4500 |
| 001 - NÚMERO DE CONTROL | |
| campo de control | 46745 |
| 003 - IDENTIFICADOR DE NÚMERO DE CONTROL | |
| campo de control | ES-MaACL |
| 005 - FECHA Y HORA DE LA ÚLTIMA TRANSACCIÓN | |
| campo de control | 20230906161436.0 |
| 007 - CAMPO FIJO DE DESCRIPCIÓN FÍSICA--INFORMACIÓN GENERAL | |
| campo de control de longitud fija | t| |
| 008 - DATOS DE LONGITUD FIJA--INFORMACIÓN GENERAL | |
| campo de control de longitud fija | 030331s1960 sp ||||1| spa d |
| 111 2# - ENTRADA PRINCIPAL--NOMBRE DE CONGRESO/REUNIÓN | |
| Nombre de congreso/reunión o jurisdicción como elemento de entrada | Congreso Diocesano de Apostolado Seglar ( |
| Fecha del congreso o de la firma del tratado | 1959. |
| Sede del congreso/Lugar de la reunión | Zaragoza) |
| 9 (RLIN) | 346 |
| 245 10 - MENCIÓN DEL TÍTULO | |
| Título | Memoria |
| Resto del título | : 8-15 noviembre 1959 / |
| Mención de responsabilidad, etc. | Congreso Diocesano de Apostolado Seglar. |
| 260 ## - PUBLICACIÓN, DISTRIBUCIÓN, ETC. | |
| Lugar de publicación, distribución, etc. | Zaragoza : |
| Nombre del editor, distribuidor, etc. | El Noticiero, |
| Fecha de publicación, distribución, etc. | [1960] |
| 300 ## - DESCRIPCIÓN FÍSICA | |
| Extensión | 335 p., 20 lám. ; |
| Dimensiones | 25 cm. |
| 852 ## - LOCALIZACIÓN | |
| Ubicación | ES-MaACL |
| Número de control de estantería | C-19897 |
| Sublocalización o colección | R.47802 |
| Estatus retirado | Estado de pérdida | Estado de daño | No para préstamo | Biblioteca de origen | Biblioteca actual | Ubicación en estantería | Fecha de adquisición | Fuente de adquisición | Total de préstamos | Signatura topográfica completa | Código de barras | Visto por última vez | Precio de reemplazo | Tipo de ítem Koha |
|---|---|---|---|---|---|---|---|---|---|---|---|---|---|---|
| Biblioteca del Ateneo de Madrid | Biblioteca del Ateneo de Madrid | Galería | 17/01/2008 | C-19897 | 1049166 | 23/02/2023 | 23/02/2023 | Libro impreso |
